000 00696nam a2200229 a 4500
001 777
005 20221127090023.0
008 050920s lxxua 00100 eng d
020 _a007297611X :
_cSR194.00
035 _a790
082 0 4 _a346.7307
_bB261 2006
100 1 _aBarnes, A. James.
245 1 0 _aLaw for business /
_cA. James Barnes, Terry Dworkin, Eric Richards.
250 _a9th ed.
260 _aBoston :
_bMcGraw-Hill,
_c2006.
300 _axxxiii, 1006 p. :
_bill. ;
_c26 cm.
500 _aIncludes index.
650 4 _aCommercial law
_zUnited States
650 4 _aBusiness law
_zUnited States
700 1 _aRichards, Eric L.,
_ejt. auth.
700 1 _aDworkins, Terry M.,
_ejt. auth.
999 _c777
_d777